LEADER 01402oam 2200277z- 450 001 9910689506703321 005 20161209102745.0 035 $a(CKB)5470000000935031 035 $a(WsH)cbhnovembercabcxae 035 $a(BIP)008706177 035 $a(EXLCZ)995470000000935031 100 $a20211006c2003uuuu -u- - 101 0 $aeng 200 10$aH.R. 3423, to amend Title 38, United States Code, to enact into law eligibility of certain veterans and their dependents for burial in Arlington National Cemetery $ehearing before the Committee on Veterans' Affairs, House of Representatives, One Hundred Seventh Congress, first session, December 13, 2001 215 $a1 online resource (iv, 69 p.) 311 $a0-16-069640-2 517 $aH.R. 3423, to amend Title 38, United States Code, to enact into law eligibility of certain veterans and their dependents for burial in Arlington National Cemetery 606 $aNational cemeteries$xLaw and legislation$zVirginia$zArlington 610 $aArlington national cemetery (arlington, va.) 610 $aNational cemeteries 610 $aTravel 615 0$aNational cemeteries$xLaw and legislation 906 $aBOOK 912 $a9910689506703321 996 $aH.R. 3423, to amend Title 38, United States Code, to enact into law eligibility of certain veterans and their dependents for burial in Arlington National Cemetery$93108979 997 $aUNINA